Statistics for WWE Raw and Smackdown Women's Champions (2016-present)

Click here to take the quiz!

General Stats

  • This quiz has been taken 861 times
    (674 since last reset)
  • The average score is 15 of 16

Answer Stats

NumberLastAnswer% Correct
32019Becky Lynch
98%
12019Becky Lynch
98%
42017Charlotte Flair
98%
52019Charlotte Flair
98%
52020Sasha Banks
96%
12017Bayley
94%
22019Bayley
94%
32018Alexa Bliss
90%
22017Alexa Bliss
90%
12020Asuka
90%
12018Asuka
90%
22017Naomi
85%
12018Nia Jax
85%
12018Carmella
84%
12018Ronda Rousey
84%
12017Natalya
80%

Score Distribution

Percentile by Number Answered

Percent of People with Each Score

Your Score History

You have not taken this quiz since the last reset